Football - Décodeur - Statistiques

Statistiques générales
  • Ce quiz a été pris 1 453 fois
  • Le résultat moyen est 39 sur 59
Statistiques - réponses
Groupe Lettre Indices Réponses % Correct
Indices B Nom du championnat allemand Bundesliga
93%
Indices M Joueur ayant remporté le plus de ballons d'or Lionel Messi
92%
Indices L Joueur le plus capé de l'histoire de l'Équipe de France Hugo Lloris
89%
Indices A Club ayant remporté la Premier League sans perdre un seul match Arsenal
87%
Indices I Joueur suédois passé notamment par l'AC Milan et le PSG Zlatan Ibrahimović
86%
Indices O Stade de Manchester United Old Trafford
85%
Indices P Façon célèbre de tirer un penalty Panenka
84%
Indices D Nom donné à un affrontement entre 2 équipes d'une même ville/région Derby
83%
Indices I Pays vainqueur de l'Euro 2021 Italie
83%
Indices C Nom du stade du FC Barcelone Camp Nou
82%
Indices I Prénom du gardien espagnol Casillas Iker
81%
Indices L Club créant la surprise en remportant la Premier League en 2015-2016 Leicester City Football Club
81%
Indices L Ce joueur a marqué 5 buts en 9 minutes avec le Bayern Munich Robert Lewandowski
81%
Indices T Club surnommé les Spurs Tottenham
81%
Indices U Pays qui a organisé la première Coupe du monde Uruguay
81%
Indices I Ville des clubs de Galatasaray et Besiktas notamment Istanbul
80%
Indices T Action de s'emparer du ballon des pieds de son adversaire en bloquant le ballon avec le pied ou en effectuant une glissade Tacle
79%
Indices E Entreprise éditrice des jeux-vidéos "FIFA" EA Sports
78%
Indices E Nom du deuxième club de Barcelone Espanyol
78%
Indices M Nom de la période pendant laquelle les clubs peuvent acheter ou vendre des joueurs Mercato
77%
Indices P Prix de la FIFA récompensant le plus beau but de l'année Puskas
77%
Indices L Meilleur buteur de l'histoire de la Belgique Romelu Lukaku
76%
Indices L Défenseur gauche de l'Équipe de France lors de la Coupe du monde 1998 Bixente Lizarazu
75%
Indices A Président de l'Olympique lyonnais pendant les 7 titres consécutifs Jean-Michel Aulas
75%
Indices F Joueur possédant le record de buts sur une seule édition de la Coupe du Monde Just Fontaine
74%
Indices E Meilleur buteur de l'histoire du Cameroun Samuel Eto'o
74%
Indices S Stade de l'AC Milan San Siro
74%
Indices E Club mythique de Belgrade Étoile rouge
73%
Indices E Entraîneur espagnol passé par le FC Barcelone et le PSG Luis Enrique
72%
Indices L Club ayant remporté le championnat allemand 2023-2024 sans perdre le moindre match Leverkusen
71%
Indices T Surnom de l'équipe d'Angleterre Three Lions
71%
Indices L Club vainqueur de la Ligue 1 en 2010-2011 Lille OSC
70%
Indices I Club surnommé "les Nerazzurri" Inter
69%
Indices S Nom donné à une remise en jeu du gardien lorsque la balle est sortie derrière la ligne de but Six mètres
68%
Indices S Surnom de l'équipe du Brésil Seleçao
67%
Indices S Projet de compétition pour concurrencer la Ligue des Champions Super League
66%
Indices A Nom du stade de Liverpool Anfield
65%
Indices E Entraîneur ayant remporté la Ligue Europa avec Séville et Villarreal Unai Emery
65%
Indices E Club évoluant au Goodison Park Everton
63%
Indices F Club principal de la ville de Rotterdam Feyenoord
63%
Indices P Président du Real Madrid de 2000 à 2006 et depuis 2009 Florentino Pérez
62%
Indices E Nom du championnat des Pays-Bas Eredivisie
60%
Indices O Lauréat du Ballon d'or en 2001 Michael Owen
60%
Indices T Joueur surnommé "El Niño" Fernando Torres
57%
Indices O Club le plus titré de Grèce basé au Pirée Olympiakós
55%
Indices L Sélectionneur de l'Allemagne lors de la victoire en Coupe du monde 2014 Joachim Löw
54%
Indices F Lauréat du Ballon d'or en 2000 Luís Figo
53%
Indices C Surnom de Javier Hernández Chicharito
51%
Indices M Surnom des joueurs et supporters du Real Madrid Merengue
51%
Indices I Président de la FIFA depuis 2016 Gianni Infantino
50%
Indices B Seul défenseur à avoir remporté deux fois le ballon d'or Franz Beckenbauer
48%
Indices F Joueur surnommé El Tigre Radamel Falcao
38%
Indices S Meilleur buteur de l'histoire de la Premier League Alan Shearer
37%
Indices L Commentateur français qui formait un duo mythique avec Thierry Roland Jean-Michel Larqué
37%
Indices O Club principal de la ville de Pampelune Osasuna
28%
Citation Le football est simple, mais le plus difficile, c'est le football simple
23%
Indices L Surnom de l'équipe national de la République démocratique du Congo Les {Léopards}
22%
Indices S Club de football le plus ancien encore en activité Sheffield FC
18%
Indices L Présentateur de l'émission anglaise "Match of the Day" depuis 1999 Gary Lineker
13%
Aucun quiz correspondant
Distribution des résultats
% des personnes avec chaque résultat
Percentile par nombre de réponses
Votre historique - résultats
Vous n’avez pas pris ce quiz